000 003680000a22001570004500
003 MACL
005 20151229151751.0
008 151229b xxu||||| |||| 00| 0 eng d
040 _aMACL
_cMACL
041 _aEnglish
082 _a100/STI
100 _aStirner, Max
_924044
245 _aThe Ego and His Own
650 _aPhilosophy
_924045
942 _cBK
_k100/STI
_2ddc
999 _c39401
_d39401